| 000 | 00688nam a2200229Ia 4500 | ||
|---|---|---|---|
| 001 | 226 | ||
| 005 | 20251203123020.0 | ||
| 008 | 251203t1997||||xx |||||||||||||| ||spa|| | ||
| 020 | _a9509000056 | ||
| 041 | _aESP | ||
| 082 |
_aRDE 036 _bD73 |
||
| 110 | _aVisor Enciclopedias Audiovisuales | ||
| 245 | 0 |
_aDiccionario enciclopédico ilustrado : _bTomos 1-2 |
|
| 260 |
_aBuenos Aires : _bVisor Enciclopedias, _c1997 |
||
| 300 |
_a1093 páginas : _b ilustraciones, mapas ; _c 28 cm. _e |
||
| 440 |
_a _n _v |
||
| 505 | _aContiene: Tomo 1: A-Leloir; Tomo 2: Lema-Z | ||
| 650 | _aGEN | ||
| 653 | _aObras enciclopédicas en Español; Diccionario | ||
| 654 | _aCTP | ||
| 942 |
_cDIC _dJUS _fTRC _2ddc _n |
||
| 999 |
_c226 _d226 |
||